000 02767nam a22001577a 4500
041 _aukr
080 _a09
090 _bНИЧ
100 _aНичипорук, Н. С.
245 _aЛексичні ігри на уроках англійської мови в четвертому класі спецшкіл з поглибленим вивченням англійської мови (до комплексу О. Д. Карпюк, Н. О. Когут)
260 _aОстрог
_bКАФ
_c2013
300 _a92
520 _aВступ. Розділ І. Теоретичні засади використання лексичних ігор на уроках англійської мови в 4-му класі спецшкіл з поглибленим вивченням англійської мови. 1.1. Індивідуально-психологічні особливості молодших школярів як передумови використання ігрових методів на уроках англійської мови 1.2. Методичні засади та досвід використання ігрових методик на уроках іноземної мови 1.3. Особливості процесу формування лексичних вмінь і навичок в учнів 4-го класу Розділ ІІ. Система ігрових вправ для навчання лексичного матеріалу 2.1. Методологіяпроведення експеременту з метою дослідження ефективності використання ігор при вивчення лексики 2.1.1. Особливості підручника 2.2. Дослідження ефективності використання ігор при вивченні лексики 2.2.1. Констатуючий етап експеременту 2.2.2. Формуючий етап експеременту 2.2.3. Конторолюючий етап експеременту Розділ ІІІ. Охорона праці та безпеки в надзвичайних ситуаціях. Актуальні проблеми гігієни праці в школі. 3.1. Сутність, предмет, методи гігієни праці 3.2. Гігієна навчальних приміщень, праці вчителів та учнів 3.3. Фізіолого-гігієнічні передумови організації навчального процесу на уроці Висновки. Список використаної літератури. Додатки.
_0ігри, методика, лексика
650 _aResearch Papers
999 _c285332
_d285332
942 _cBK